South Eastern Kenya University

Library Online Public Access Catalogue


Business Law (Record no. 18760)

MARC details
000 -LEADER
fixed length control field 00450nam a22001937a 4500
003 - CONTROL NUMBER IDENTIFIER
control field OSt
005 - DATE AND TIME OF LATEST TRANSACTION
control field 20260216121853.0
008 - FIXED-LENGTH DATA ELEMENTS--GENERAL INFORMATION
fixed length control field 260216b |||||||| |||| 00| 0 eng d
020 ## - INTERNATIONAL STANDARD BOOK NUMBER
International Standard Book Number 97679080666147
040 ## - CATALOGING SOURCE
Original cataloging agency SEKU
050 ## - LIBRARY OF CONGRESS CALL NUMBER
Classification number KF889
Item number .A2 2013
100 ## - MAIN ENTRY--PERSONAL NAME
Relator code Abbott, Keith
245 ## - TITLE STATEMENT
Title Business Law
250 ## - EDITION STATEMENT
Edition statement 9th ed.
260 ## - PUBLICATION, DISTRIBUTION, ETC. (IMPRINT)
Place of publication, distribution, etc. Canada;
Name of publisher, distributor, etc. Cengage Learning EMEA
Date of publication, distribution, etc. 2013
300 ## - PHYSICAL DESCRIPTION
Extent 676p,:
650 ## - SUBJECT ADDED ENTRY--TOPICAL TERM
Topical term or geographic name as entry element Business Law
942 ## - ADDED ENTRY ELEMENTS (KOHA)
Source of classification or shelving scheme Library of Congress Classification
Koha item type General circulation
Holdings
Withdrawn status Lost status Source of classification or shelving scheme Damaged status Not for loan Home library Current library Shelving location Date acquired Source of acquisition Total Checkouts Total Renewals Full call number Barcode Checked out Date last seen Date last checked out Price effective from Koha item type
    Library of Congress Classification     School of Law Library School of Law Library General Stacks 16/02/2026 Purchase 1 1 KF889 .A2 2013 2026/029333 08/04/2026 11/03/2026 11/03/2026 16/02/2026 General circulation
    Library of Congress Classification     School of Law Library School of Law Library General Stacks 16/02/2026 Purchase 1   KF889 .A2 2013 2026/029334   25/03/2026 11/03/2026 16/02/2026 General circulation
Kitui, Kenya.
+254736116989
library@seku.ac.ke